000 00800nam a2200265Ia 4500
003 OSt
005 20220926015451.0
006 a|||||r|||| 00| 0
007 ta
008 220923b |||||||| |||| 00| 0 eng d
020 _a9780230224971
_c523.00999999999999
037 _bBBS/279, 22/01/2008, Better Book Service
_cGeneral Book
040 _aRTL
_cRTL
_beng
041 _2eng
_aeng
082 _aX, P7
100 _aHarvey Jack
245 0 _aModern economics
_b An introduction
250 _aEd. 8
260 _aNew York
_bPalgrave Macmillan
_c2007
300 _axxi, 562p
_ccm.
650 _aCommerce
700 _a Jowsey Ernie
_9269520
942 _hX, P7
_cGB
_2CC
999 _c631662
_d631662